| 000 | 00684na a2200253 4500 | ||
|---|---|---|---|
| 001 | 19071 | ||
| 003 | MIRAKIL | ||
| 005 | 20181213155030.0 | ||
| 008 | 161208b tu 000 0 | ||
| 020 | _a975604702X | ||
| 035 | _a13440 | ||
| 040 |
_aMilas _btur _cTR-AnCHP |
||
| 041 | _atur | ||
| 082 |
_a327.73 _bP64w [2005] |
||
| 090 | _a327.73 P64w [2005] | ||
| 100 | _aPolat, Yılmaz | ||
| 245 |
_aWashington'da akrobasi _cYılmaz Polat |
||
| 260 |
_aAnkara _bUlus Dağı Yayınları _c[2005] |
||
| 300 |
_a197, [4] s. _c20 sm. |
||
| 651 |
_aABD _xDış politika |
||
| 651 |
_aTürkiye _xDış ilişkiler _zABD |
||
| 651 |
_aABD _xDış ilişkiler _zTürkiye |
||
| 942 |
_2dcc _cBKS |
||
| 999 |
_c5212 _d5212 |
||